| 000 | 00525nam a2200217Ia 4500 | ||
|---|---|---|---|
| 005 | 20250425162752.0 | ||
| 008 | 250425s9999 xx 000 0 und d | ||
| 020 | _a9789978993101 | ||
| 041 | _aspa | ||
| 043 | _aec | ||
| 082 | _a658.404 | ||
| 100 | _aMORLAS ESPINOZA, CARLOS | ||
| 245 | 0 | _aECUADOR ¿PAIS DE EMPRENDEDORES? | |
| 250 | _aS.E. | ||
| 260 |
_aEcuador _bCAMARA DE COMERCIO DE GUAYAQUIL _c2018 |
||
| 260 | _aGUAYAQUIL | ||
| 300 | _a134 | ||
| 650 | _aEMPRENDIMIENTO | ||
| 942 | _c01 | ||
| 010 | _a107388 | ||
| 999 |
_c236059 _d236059 |
||